000 00419nam a22001697a 4500
999 _c1456
_d1456
005 20211023113447.0
008 160523b xxu||||| |||| 00| 0 eng d
020 _a81-259-1619-9
041 _aeng
082 _b4309
100 _aIyear, Parameshwar
_91069
245 _aEngineering Project Management
260 _aNew Delhi
_bAcademic Faundation
_c2004
300 _a391
650 _aManagement
_9241
942 _cBK